Career Developments English for the Business and Commercial World

Saved in:
Bibliographic Details
Main Author: Blundell, John
Other Authors: Middlemiss, Nigel
Format: Book
Language:English
Published: Oxford Oxford University Press 1982
Edition:1. ed.
Subjects:
Tags: Add Tag
No Tags, Be the first to tag this record!

MARC

LEADER 00000nam a2200000 4500
001 c001360
005 20221221074520.6
020 |a 0-19-451324-6 
041 0 |a eng 
044 |a GB 
245 1 0 |a Career Developments  |b English for the Business and Commercial World  |c John Blundell, Nigel Middlemiss 
250 |a 1. ed. 
264 1 |a Oxford  |b Oxford University Press  |c 1982 
300 |a 175 s. 
610 2 0 |a jazykoveda 
610 2 0 |a podnik 
610 2 0 |a obchod 
610 2 0 |a povolania 
610 2 0 |a dohody obchodné 
610 2 0 |a nákup 
610 2 0 |a predaj 
610 2 0 |a platby obchodné 
610 2 0 |a informácie 
610 2 0 |a komunikácia 
610 2 0 |a terminológia 
610 2 0 |a podnikanie 
610 2 0 |a rozvoj pracovníkov 
610 2 0 |a angličtina 
100 1 |a Blundell, John 
700 1 |a Middlemiss, Nigel